000 01587nam a22002897a 4500
003 DO-SdBNP
005 20250611073818.0
008 210218b 2020 dr ac 00| 0 eng d
020 _a9789945621075
040 _aDO-SdBNP
_bspa
_cBNPHU
082 4 _a 616.241
_bR426L
_222
110 1 _aRepública Dominicana.
_bMinisterio de Salud Pública
_980830
245 1 0 _aLineamientos generales para la normalización de la provisión de servicios de salud ante la pandemia de COVID-19 /
_ccoordinación general Dr. Adrián Puello Guerrero ; edición, revisión de texto y corrección de estilo, Olga Agustín ; presentación, Rafael Sánchez Cárdenas.
260 _aSanto Domingo :
_bMinisterio de Salud Pública,
_c2020.
300 _a45 p. :
_bil., retrs. ;
_c28 cm.
500 _aEstos lineamientos fueron producidos bajo el Acuerdo de Cooperación de Agencia de los Estados Unidos para el Desarrollo Internacional (USAID) No. 72051718RFA00003. Los contenidos no son responsabilidad de FHI 360 y no reflejan necesariamente los puntos de vista de USAID o del Gobierno de los Estados Unidos de América.
504 _aBibliografía: p. 41-45
590 _aInventariado, 2021 /LP
650 0 _a Infecciones por coronavirus
_987197
650 0 _aPolítica sanitaria
_zRepública Dominicana
_91344
650 0 _aCOVID-19 (Enfermedad)
_978202
700 1 _aPuello Guerrero, Adrián,
_ecoordinación
_977858
700 1 _aAgustín, Olga,
_eedición
_977859
700 1 _aSánchez Cárdenas, Rafael,
_e presentación
_972751
910 _aValidado. Control de calidad MFF
942 _2ddc
_cLBS1
999 _c49411
_d49411